Del proyecto educativo a la programación de aula: el qué, el cuándo y el cómo de los instrumentos de la planificación didáctica
Shranjeno v:
| Main Authors: | , , , , |
|---|---|
| Format: | Knjiga |
| Jezik: | španščina |
| Izdano: |
Barcelona
Grao
1992
|
| Izdaja: | 1a. ed |
| Serija: | Pedagogía, 109
|
| Teme: | |
| Oznake: |
Označite
Brez oznak, prvi označite!
|
MARC
| LEADER | 00000nam a2200000 a 4500 | ||
|---|---|---|---|
| 001 | UCS0847 | ||
| 003 | CL-VaPUC | ||
| 008 | 970428e19920000SP |||||||||||||||||spa|d | ||
| 020 | |a 8478270558 | ||
| 082 | 0 | 4 | |a 371.3 |b ANT |2 21 |
| 100 | 0 | |a Antúnez, Serafín |e author |9 384683 | |
| 700 | 0 | |a Carmen, Luis M. del |e author |9 384684 | |
| 700 | |a Imbernón Muñoz, Francisco |e author |9 558233 | ||
| 700 | |a Parcerisa Aran, Artur |e author |9 594108 | ||
| 700 | 0 | |a Zabala, Antoni |e author |9 222236 | |
| 245 | 1 | 0 | |a Del proyecto educativo a la programación de aula: el qué, el cuándo y el cómo de los instrumentos de la planificación didáctica |
| 250 | |a 1a. ed | ||
| 300 | |a 149 p | ||
| 942 | |c BK | ||
| 945 | |d 19970428 00:00:00 |a amoreno | ||
| 260 | |a Barcelona |b Grao |c 1992 | ||
| 650 | 0 | |a Métodos de enseñanza |9 270413 | |
| 650 | 0 | |a Educación |9 258661 | |
| 650 | 0 | |a Currículo |9 307290 | |
| 650 | 0 | |a Profesores |9 308968 | |
| 650 | 0 | |a Evaluación de la educación |9 237505 | |
| 650 | 0 | |a Instrumentos de medición |9 266021 | |
| 583 | |a last modification |c 19970428 00:00:00 |k Rodrigo Vera | ||
| 490 | 0 | |a Pedagogía, 109 | |
| 999 | |c 258995 |d 258993 | ||
| 952 | |0 0 |1 0 |4 0 |6 371_300000000000000_ANT_1992 |7 0 |8 A |9 283455 |a BIBEDU |b BIBEDU |d 2019-11-19 |i 3303128 |o 371.3 ANT 1992 |p 3303128 |r 2019-11-19 |w 2019-11-19 |y BK |k EDU | ||
| 952 | |0 0 |1 0 |4 0 |6 371_300000000000000_ANT_1992 |7 0 |8 A |9 283456 |a FDOPOS |b FDOPOS |d 2019-11-19 |i 3308480 |o 371.3 ANT 1992 |p 3308480 |r 2025-01-22 |w 2019-11-19 |y BK |k MLA | ||
| 952 | |0 0 |1 0 |4 0 |6 371_300000000000000_ANT_1992 |7 0 |8 A |9 283457 |a BIBEDU |b BIBEDU |d 2019-11-19 |i 4065468 |o 371.3 ANT 1992 |p 4065468 |r 2019-11-19 |w 2019-11-19 |y BK |k PAR | ||